| 000 | 00605nam a2200217Ia 4500 | ||
|---|---|---|---|
| 003 | OSt | ||
| 005 | 20230410151613.0 | ||
| 008 | 210423s2017 xx 000 0 und d | ||
| 020 | _a978-93-85909-73-3 | ||
| 040 | _cAL | ||
| 041 | _aeng | ||
| 082 |
_a174.4 _223 _bRAOB |
||
| 100 |
_aRAO (Viyyanna K);RAJU (Naga G) _964924 |
||
| 245 | _aBusiness ethics and corporate governance | ||
| 260 |
_aNew Delhi _bI K International Publishing House _c2017 |
||
| 300 |
_axx,561 _bPB |
||
| 365 |
_b525 _cINR |
||
| 650 |
_aEthics _964925 |
||
| 906 | _aBusiness ; corporate ; ethics ; governance | ||
| 942 |
_2ddc _cBK |
||
| 999 |
_c169492 _d169492 |
||